| 000 | 01277cam a22001934a 4500 | ||
|---|---|---|---|
| 005 | 20250605164134.0 | ||
| 008 | 250528s ||||||||||||||||||||||||d | ||
| 035 | _a18709 | ||
| 020 | _a631164448 | ||
| 040 |
_aGR-AtMCL _bgre _dGR-AtMCL _eAACR2 |
||
| 245 | 1 | _aThe British Press and Broadcasting since 1945 | |
| 260 |
_bBlackwell, _c1988 |
||
| 300 | _a276 | ||
| 520 | _aThis is the first concise history of the press and broadcasting in Britain after the Second World War, from a time when the phrase ''mass media'' was barely used, to the Maxwell and Murdoch era of international media conglomerates. List of Tables, General Editor's Preface, Snapshot: 1945/1990, Which Media? What History?, Media 1945 - 1990: The Press, Media 1945 - 1990: Radio and Television, Concentration and Conglomeration and Internationalization, Content and Audiences, Media and Government and Politics: The Intrusion of Television, Media and Government and Politics: Prime Ministers and Parties, Media Accountability: Government Policymaking, Media Accountability: Markets and Self-Regulation and the Law, Conclusion, Appendix: Provincial Evening Papers, Outline Chronology, Bibliography, Index. | ||
| 700 | 1 |
_aSeymour-Ure Colin _94962 |
|
| 942 | _cBK | ||
| 999 |
_c4035 _d4035 |
||